[Event "19. Obert Int. Sant Marti 2017 - B"]
[Site "Barcelona ESP"]
[Date "2017.07.19"]
[Round "7.59"]
[White "Valbuena Castro, Gregorio"]
[Black "Climent Vidal, Pere"]
[Result "1-0"]
[WhiteElo "1682"]
[BlackElo "1530"]
[PlyCount "75"]
[EventDate "2017.07.13"]
[EventType "swiss"]
[EventRounds "9"]
[EventCountry "ESP"]
[SourceTitle "Ajedrez en Madrid"]
[Source "lmi"]
[SourceDate "2017.07.13"]
[SourceVersion "1"]
[SourceVersionDate "2019.06.21"]
[SourceQuality "1"]

1. e4 e6 2. d4 d6 3. Nf3 Nf6 4. Nc3 a6 5. Bd3 Be7 6. O-O h6 7. e5 Nd5 8. Nxd5
exd5 9. Bf4 Be6 10. Re1 Nc6 11. c3 b5 12. a4 O-O 13. axb5 axb5 14. Bxb5 Bd7 15.
exd6 cxd6 16. Rxa8 Qxa8 17. Bxc6 Bxc6 18. Rxe7 Rd8 19. g3 Qa2 20. Qc2 Rb8 21.
Qf5 Rf8 22. Bxd6 Bb5 23. Qc2 Ba4 24. Qd2 Rc8 25. Ne5 Qb1+ 26. Kg2 Bb5 27. c4
dxc4 28. Nxf7 Bc6+ 29. d5 Be8 30. Nxh6+ gxh6 31. Qd4 Qg6 32. Be5 Bf7 33. d6 Qf5
34. Rc7 Rd8 35. g4 Qe6 36. Re7 Qc8 37. Bh8 Qc6+ 38. Kg1 1-0

[Event "19. Obert Int. Sant Marti 2017 - B"]
[Site "Barcelona ESP"]
[Date "2017.07.19"]
[Round "7.60"]
[White "Olleta Tanya, Jordi"]
[Black "Sanchez Paz, Josep"]
[Result "0-1"]
[WhiteElo "1450"]
[BlackElo "1657"]
[PlyCount "64"]
[EventDate "2017.07.13"]
[EventType "swiss"]
[EventRounds "9"]
[EventCountry "ESP"]
[SourceTitle "Ajedrez en Madrid"]
[Source "lmi"]
[SourceDate "2017.07.13"]
[SourceVersion "1"]
[SourceVersionDate "2019.06.21"]
[SourceQuality "1"]

1. Nf3 d5 2. d4 Nf6 3. g3 e6 4. Nbd2 c5 5. e3 Nc6 6. Bg2 Be7 7. O-O O-O 8. c3
Bd7 9. Ne5 Nxe5 10. dxe5 Ne8 11. b3 f5 12. c4 Bc6 13. Bb2 Nc7 14. Rc1 Qe8 15.
Qe2 Rb8 16. Rfd1 Qf7 17. cxd5 Nxd5 18. e4 fxe4 19. Nxe4 b6 20. Nd6 Bxd6 21.
exd6 Rbd8 22. Be5 Qb7 23. Bh3 Rde8 24. Rd2 Bd7 25. Qg4 Rf7 26. Bg2 Bc6 27. Qe4
Nb4 28. d7 Rd8 29. Qc4 Bxg2 30. Qxe6 Bd5 31. Rxd5 Qxd5 32. Qxd5 Nxd5 0-1

[Event "19. Obert Int. Sant Marti 2017 - B"]
[Site "Barcelona ESP"]
[Date "2017.07.19"]
[Round "7.61"]
[White "Martinez Torras, Pol"]
[Black "Arias Aranda, Guillem"]
[Result "1-0"]
[WhiteElo "1631"]
[BlackElo "1438"]
[PlyCount "57"]
[EventDate "2017.07.13"]
[EventType "swiss"]
[EventRounds "9"]
[EventCountry "ESP"]
[SourceTitle "Ajedrez en Madrid"]
[Source "lmi"]
[SourceDate "2017.07.13"]
[SourceVersion "1"]
[SourceVersionDate "2019.06.21"]
[SourceQuality "1"]

1. d4 d5 2. Nf3 e6 3. c4 c5 4. Nc3 Nc6 5. e3 Nf6 6. cxd5 exd5 7. Bb5 Bd7 8. O-O
cxd4 9. exd4 Bb4 10. Re1+ Ne7 11. Qa4 Bxc3 12. Bxd7+ Nxd7 13. bxc3 O-O 14. Ba3
Re8 15. Qb4 Nc6 16. Qxb7 Rxe1+ 17. Rxe1 Qc8 18. Rb1 Nb6 19. Qxc8+ Rxc8 20. g3
Na4 21. Rc1 a5 22. c4 Nb4 23. Bxb4 axb4 24. c5 Nc3 25. Rc2 Ra8 26. Rb2 Nxa2 27.
c6 Nc3 28. Rxb4 Rc8 29. c7 1-0

[Event "19. Obert Int. Sant Marti 2017 - B"]
[Site "Barcelona ESP"]
[Date "2017.07.19"]
[Round "7.62"]
[White "Llombart Baiges, Jaime"]
[Black "Prokudin, Igor"]
[Result "1/2-1/2"]
[WhiteElo "1622"]
[BlackElo "1371"]
[PlyCount "60"]
[EventDate "2017.07.13"]
[EventType "swiss"]
[EventRounds "9"]
[EventCountry "ESP"]
[SourceTitle "Ajedrez en Madrid"]
[Source "lmi"]
[SourceDate "2017.07.13"]
[SourceVersion "1"]
[SourceVersionDate "2019.06.21"]
[SourceQuality "1"]

1. e4 c5 2. f4 Nc6 3. Nf3 g6 4. Bc4 Bg7 5. O-O e6 6. Nc3 Nge7 7. a3 O-O 8. Qe1
d5 9. Bd3 Nd4 10. Nxd4 Bxd4+ 11. Kh1 Nc6 12. e5 c4 13. Be2 Bb6 14. d3 Nd4 15.
Qd1 Nxe2 16. Nxe2 cxd3 17. cxd3 d4 18. Bd2 Qd5 19. Ng3 Bc5 20. Ne4 Be7 21. Bb4
Qd8 22. Bxe7 Qxe7 23. Nf6+ Kg7 24. Qg4 Qc7 25. Qh4 h5 26. g4 Rh8 27. gxh5 Qc2
28. Qg5 Qxd3 29. Rg1 b6 30. h6+ Kf8 1/2-1/2

[Event "19. Obert Int. Sant Marti 2017 - B"]
[Site "Barcelona ESP"]
[Date "2017.07.19"]
[Round "7.63"]
[White "Kyrkjebo, Eirik"]
[Black "Avila Lopez, Juan"]
[Result "1-0"]
[WhiteElo "1611"]
[BlackElo "1282"]
[PlyCount "90"]
[EventDate "2017.07.13"]
[EventType "swiss"]
[EventRounds "9"]
[EventCountry "ESP"]
[SourceTitle "Ajedrez en Madrid"]
[Source "lmi"]
[SourceDate "2017.07.13"]
[SourceVersion "1"]
[SourceVersionDate "2019.06.21"]
[SourceQuality "1"]

1. e4 e5 2. Nf3 Nc6 3. Nc3 Bc5 4. Nxe5 Qf6 5. Nf3 d6 6. Nd5 Qd8 7. d4 Bb6 8.
Bc4 Na5 9. Bd3 Ne7 10. Bg5 Nac6 11. O-O f6 12. Nxf6+ gxf6 13. Bxf6 Rf8 14. e5
Nxd4 15. Nxd4 Bxd4 16. Bxh7 Bxe5 17. Bg6+ Kd7 18. Qg4+ Kc6 19. Qc4+ Kd7 20.
Bxe5 Nxg6 21. Qg4+ Kc6 22. Qxg6 Bf5 23. Qh6 Rf7 24. Bg3 b6 25. Rfe1 Qf6 26.
Qxf6 Rxf6 27. Re7 Kb7 28. Rd1 Rd8 29. Rg7 Kb8 30. Bh4 Rg6 31. Rxg6 Bxg6 32.
Bxd8 Bxc2 33. Rc1 Be4 34. Bxc7+ Kb7 35. Bxd6 Ka6 36. g4 Bf3 37. g5 Be4 38. h4
Bf3 39. g6 Bh5 40. g7 Bf7 41. a4 Ka5 42. b4+ Kxa4 43. Ra1+ Kb5 44. Rxa7 Bg8 45.
Ra8 Bh7 1-0

[Event "19. Obert Int. Sant Marti 2017 - B"]
[Site "Barcelona ESP"]
[Date "2017.07.19"]
[Round "7.66"]
[White "Rodriguez Monago, Juan Antonio"]
[Black "Bernat Mor, Juli"]
[Result "1-0"]
[WhiteElo "1468"]
[BlackElo "1274"]
[PlyCount "71"]
[EventDate "2017.07.13"]
[EventType "swiss"]
[EventRounds "9"]
[EventCountry "ESP"]
[SourceTitle "Ajedrez en Madrid"]
[Source "lmi"]
[SourceDate "2017.07.13"]
[SourceVersion "1"]
[SourceVersionDate "2019.06.21"]
[SourceQuality "1"]

1. e4 c6 2. Nc3 d5 3. Nf3 d4 4. Ne2 Bg4 5. Ng3 e6 6. h3 Bxf3 7. Qxf3 Nf6 8. Bc4
Nbd7 9. O-O Nb6 10. Bb3 Be7 11. d3 a5 12. a4 O-O 13. Bf4 Nbd7 14. e5 Nc5 15.
exf6 Nxb3 16. fxe7 Qxe7 17. cxb3 Qb4 18. Qd1 Rad8 19. Ne4 Rd5 20. Rc1 e5 21.
Bd2 Qe7 22. Qe1 h6 23. Bxa5 f5 24. Bb4 c5 25. Bxc5 Rxc5 26. Nxc5 Rc8 27. b4 b6
28. Nb3 Re8 29. Qd2 Qe6 30. Qc2 Kh7 31. Rfe1 f4 32. Nxd4 Qg6 33. Qc6 Qxd3 34.
Qxe8 Qxd4 35. Qxe5 Qd8 36. Qf5+ 1-0

[Event "19. Obert Int. Sant Marti 2017 - B"]
[Site "Barcelona ESP"]
[Date "2017.07.19"]
[Round "7.67"]
[White "Lobo Pereira, Arami"]
[Black "Bienvenido Kleque, Jose"]
[Result "1/2-1/2"]
[WhiteElo "1206"]
[BlackElo "1468"]
[PlyCount "90"]
[EventDate "2017.07.13"]
[EventType "swiss"]
[EventRounds "9"]
[EventCountry "ESP"]
[SourceTitle "Ajedrez en Madrid"]
[Source "lmi"]
[SourceDate "2017.07.13"]
[SourceVersion "1"]
[SourceVersionDate "2019.06.21"]
[SourceQuality "1"]

1. e4 d5 2. exd5 Qxd5 3. Nc3 Qd8 4. Nf3 c6 5. d4 Bf5 6. Bc4 e6 7. O-O Nf6 8.
Bf4 Bd6 9. Bxd6 Qxd6 10. Ne5 O-O 11. Re1 Nbd7 12. Bb3 Rad8 13. h3 h6 14. Rc1
Rfe8 15. Nb1 Qc7 16. Qe2 Qb6 17. c4 Bxb1 18. Rxb1 Qxd4 19. Nf3 Qb6 20. Rbc1 c5
21. Ba4 Rf8 22. Bc2 Nb8 23. Ne5 Nc6 24. Bb3 Nd4 25. Qe3 Nxb3 26. axb3 Nd7 27.
Rc3 Nxe5 28. Qxe5 Qd6 29. Qe4 Qd4 30. Qxb7 Rd7 31. Qf3 Qd2 32. Rb1 Rfd8 33. Qc6
Qd6 34. Qxd6 Rxd6 35. Re3 Rd2 36. Re5 Rc8 37. Kf1 Rd3 38. Re3 Rxe3 39. fxe3 Kf8
40. Ra1 Rc7 41. Ke2 Ke7 42. Rd1 Rd7 43. Rxd7+ Kxd7 44. Kd3 Kc6 45. Kc3 a5
1/2-1/2

[Event "19. Obert Int. Sant Marti 2017 - B"]
[Site "Barcelona ESP"]
[Date "2017.07.19"]
[Round "7.69"]
[White "Bermejo Cuadra, Roberto"]
[Black "Sanchez Rodriguez, Raul"]
[Result "1-0"]
[WhiteElo "1312"]
[BlackElo "1228"]
[PlyCount "92"]
[EventDate "2017.07.13"]
[EventType "swiss"]
[EventRounds "9"]
[EventCountry "ESP"]
[SourceTitle "Ajedrez en Madrid"]
[Source "lmi"]
[SourceDate "2017.07.13"]
[SourceVersion "1"]
[SourceVersionDate "2019.06.21"]
[SourceQuality "1"]

1. e4 e5 2. Nf3 Nc6 3. Nc3 Nf6 4. d3 d6 5. Bd2 Bd7 6. Nd5 Nd4 7. Nxf6+ Qxf6 8.
Nxd4 exd4 9. Qf3 Qxf3 10. gxf3 c5 11. c3 dxc3 12. Bxc3 b5 13. O-O-O b4 14. Be1
g6 15. h4 Bg7 16. b3 O-O 17. Bh3 Be6 18. f4 f5 19. f3 a5 20. exf5 Bxf5 21. Bf2
Bxh3 22. Rxh3 Rxf4 23. Be3 Rff8 24. d4 Rac8 25. dxc5 dxc5 26. Rd5 Rfd8 27.
Rxd8+ Rxd8 28. f4 Rc8 29. Kd1 c4 30. bxc4 Rxc4 31. h5 a4 32. hxg6 hxg6 33. Rg3
Kf7 34. Rg5 b3 35. axb3 axb3 36. Rb5 b2 37. Rb7+ Kg8 38. Rb8+ Kh7 39. Rb7 Kh6
40. f5+ Kh7 41. f6 b1=Q+ 42. Rxb1 Bxf6 43. Rb7+ Bg7 44. Kd2 Rg4 45. Ke2 Kg8 46.
Rb8+ Bf8 1-0

[Event "19. Obert Int. Sant Marti 2017 - B"]
[Site "Barcelona ESP"]
[Date "2017.07.19"]
[Round "7.71"]
[White "Ylla Soro, Rafael"]
[Black "Hernandez Mediavilla, Juan Jose"]
[Result "1/2-1/2"]
[WhiteElo "1612"]
[BlackElo "1312"]
[PlyCount "71"]
[EventDate "2017.07.13"]
[EventType "swiss"]
[EventRounds "9"]
[EventCountry "ESP"]
[SourceTitle "Ajedrez en Madrid"]
[Source "lmi"]
[SourceDate "2017.07.13"]
[SourceVersion "1"]
[SourceVersionDate "2019.06.21"]
[SourceQuality "1"]

1. e4 c6 2. d4 d6 3. c4 g6 4. h3 Bg7 5. Nf3 Nf6 6. Nc3 O-O 7. Bd3 Nbd7 8. O-O
e5 9. d5 c5 10. Bg5 h6 11. Be3 Nh7 12. Qd2 g5 13. Ne2 Ndf6 14. Ng3 g4 15. hxg4
Nxg4 16. Nh5 Nxe3 17. Qxe3 Ng5 18. Nxg7 Nxf3+ 19. Qxf3 Kxg7 20. Qe2 Qg5 21. f3
Bh3 22. Kh1 Bd7 23. g4 h5 24. gxh5 Qxh5+ 25. Qh2 Qxh2+ 26. Kxh2 Rh8+ 27. Kg1
Rag8 28. b3 Kf8+ 29. Kf2 Rh2+ 30. Ke3 Rgg2 31. a3 Rb2 32. Rab1 a5 33. a4 f6 34.
Rxb2 Rxb2 35. Rb1 Rxb1 36. Bxb1 1/2-1/2

[Event "19. Obert Int. Sant Marti 2017 - B"]
[Site "Barcelona ESP"]
[Date "2017.07.19"]
[Round "7.72"]
[White "Lopez Abaurrea, Eduardo"]
[Black "Bailly, Axel"]
[Result "0-1"]
[WhiteElo "1422"]
[BlackElo "1470"]
[PlyCount "70"]
[EventDate "2017.07.13"]
[EventType "swiss"]
[EventRounds "9"]
[EventCountry "ESP"]
[SourceTitle "Ajedrez en Madrid"]
[Source "lmi"]
[SourceDate "2017.07.13"]
[SourceVersion "1"]
[SourceVersionDate "2019.06.21"]
[SourceQuality "1"]

1. d4 d5 2. Nf3 c5 3. c3 Nc6 4. Bf4 Nf6 5. h3 e6 6. e3 c4 7. Be2 h6 8. O-O Bd6
9. Bxd6 Qxd6 10. Nbd2 g5 11. Nh2 Bd7 12. Qc2 O-O-O 13. b4 b6 14. a4 Rdg8 15.
Rfb1 h5 16. g3 e5 17. Bf1 e4 18. Qa2 Bxh3 19. Bxh3+ g4 20. Nxc4 dxc4 21. Qxc4
gxh3 22. Qa6+ Kb8 23. Qb5 Rxg3+ 24. Kf1 Rg2 25. Ke2 Qxh2 26. Rf1 Ng4 27. Qf5
Rg8 28. Qf4+ Qxf4 29. exf4 h2 30. Rad1 Rxf2+ 31. Rxf2 Nxf2 32. Kxf2 Rg1 33.
Rxg1 hxg1=Q+ 34. Kxg1 h4 35. Kg2 e3 0-1

[Event "19. Obert Int. Sant Marti 2017 - B"]
[Site "Barcelona ESP"]
[Date "2017.07.20"]
[Round "8.1"]
[White "Rodriguez Isern, Bernat"]
[Black "Delgadillo Torrico, Felipe"]
[Result "0-1"]
[WhiteElo "1864"]
[BlackElo "1943"]
[PlyCount "142"]
[EventDate "2017.07.13"]
[EventType "swiss"]
[EventRounds "9"]
[EventCountry "ESP"]
[SourceTitle "Ajedrez en Madrid"]
[Source "lmi"]
[SourceDate "2017.07.13"]
[SourceVersion "1"]
[SourceVersionDate "2019.06.21"]
[SourceQuality "1"]

1. e4 d5 2. exd5 Qxd5 3. Nc3 Qa5 4. d4 c6 5. Nf3 Nf6 6. Bd2 Bf5 7. Bc4 e6 8.
Nd5 Qd8 9. Ne3 Bg6 10. Qe2 Be7 11. Bb3 Nbd7 12. O-O Bh5 13. Rfe1 O-O 14. Nf1
Nd5 15. c4 Nc7 16. Rad1 Bf6 17. Bf4 Re8 18. Ng3 Bxf3 19. Qxf3 Bg5 20. Bd6 Be7
21. Bf4 Bg5 22. Bd6 Nf8 23. Ne4 Be7 24. Bf4 Ng6 25. Bg3 Rf8 26. Nc3 Bd6 27. d5
cxd5 28. cxd5 e5 29. Qf5 Ne7 30. Qd3 f6 31. Ne4 Rc8 32. f4 Ng6 33. fxe5 fxe5
34. Nxd6 Qxd6 35. Qe4 Rce8 36. Rc1 Na6 37. Qe3 Rc8 38. Bxe5 Nxe5 39. Rxc8 Rxc8
40. Qxe5 Qxe5 41. Rxe5 Kf8 42. d6 Rd8 43. Rd5 b6 44. Kf2 Nc5 45. Rf5+ Ke8 46.
Re5+ Kf8 47. Rf5+ Ke8 48. Bf7+ Kd7 49. Ke3 g6 50. Rd5 Rf8 51. b4 Nb7 52. Bxg6
hxg6 53. Rg5 Rf6 54. Rd5 Nxd6 55. h4 Ke6 56. Rg5 Nf5+ 57. Kd3 Nxh4 58. Kc4 a6
59. Rg4 Nf5 60. Kd3 Nd6 61. Kd4 Nf7 62. a4 Nd6 63. a5 bxa5 64. bxa5 Nb7 65. Kc3
Kf5 66. Rc4 Nd6 67. Rc5+ Kg4 68. Kd4 Nb7 69. Rd5 Kg3 70. Rg5+ Kf4 71. Rd5 Rd6
0-1

[Event "19. Obert Int. Sant Marti 2017 - B"]
[Site "Barcelona ESP"]
[Date "2017.07.20"]
[Round "8.2"]
[White "Samrat, Ghorai"]
[Black "Majumdar, Shankar"]
[Result "1/2-1/2"]
[WhiteElo "1938"]
[BlackElo "1934"]
[PlyCount "29"]
[EventDate "2017.07.13"]
[EventType "swiss"]
[EventRounds "9"]
[EventCountry "ESP"]
[SourceTitle "Ajedrez en Madrid"]
[Source "lmi"]
[SourceDate "2017.07.13"]
[SourceVersion "1"]
[SourceVersionDate "2019.06.21"]
[SourceQuality "1"]

1. d4 d5 2. Nf3 Nf6 3. Bf4 Bf5 4. e3 e6 5. Be2 Be7 6. h3 h6 7. O-O O-O 8. Nbd2
Nbd7 9. c4 c5 10. Bh2 Ne4 11. Nxe4 Bxe4 12. Nd2 Bh7 13. Nf3 Be4 14. Nd2 Bh7 15.
Nf3 1/2-1/2

[Event "19. Obert Int. Sant Marti 2017 - B"]
[Site "Barcelona ESP"]
[Date "2017.07.20"]
[Round "8.3"]
[White "Atul, Kumar"]
[Black "Pena Mor, David"]
[Result "0-1"]
[WhiteElo "1907"]
[BlackElo "1764"]
[PlyCount "76"]
[EventDate "2017.07.13"]
[EventType "swiss"]
[EventRounds "9"]
[EventCountry "ESP"]
[SourceTitle "Ajedrez en Madrid"]
[Source "lmi"]
[SourceDate "2017.07.13"]
[SourceVersion "1"]
[SourceVersionDate "2019.06.21"]
[SourceQuality "1"]

1. e4 e5 2. Nf3 Nc6 3. Bb5 a6 4. Ba4 Nf6 5. d3 b5 6. Bb3 Be7 7. O-O d6 8. h3
Na5 9. Re1 Nxb3 10. axb3 O-O 11. Nc3 Bb7 12. Ne2 Re8 13. Ng3 Bf8 14. c4 c6 15.
Bd2 a5 16. Qc2 b4 17. Ra2 Nd7 18. Rea1 d5 19. Bg5 f6 20. Be3 d4 21. Bd2 Nc5 22.
Rf1 a4 23. Bxb4 axb3 24. Rxa8 Qxa8 25. Qe2 Ne6 26. Bd2 Qa2 27. Bc1 Ra8 28. Qd1
Nc5 29. Ne1 Qb1 30. Ne2 Ra2 31. Qd2 Na4 32. Qa5 Nxb2 33. Qb6 Nxd3 34. Nxd3 Qxd3
35. Qxb7 Qxe2 36. Qxc6 b2 37. Qe6+ Kh8 38. Qf7 Qxf1+ 0-1

[Event "19. Obert Int. Sant Marti 2017 - B"]
[Site "Barcelona ESP"]
[Date "2017.07.20"]
[Round "8.5"]
[White "Mota, Pankit"]
[Black "Espinosa Cebrian, Carlos"]
[Result "1/2-1/2"]
[WhiteElo "1859"]
[BlackElo "1921"]
[PlyCount "57"]
[EventDate "2017.07.13"]
[EventType "swiss"]
[EventRounds "9"]
[EventCountry "ESP"]
[SourceTitle "Ajedrez en Madrid"]
[Source "lmi"]
[SourceDate "2017.07.13"]
[SourceVersion "1"]
[SourceVersionDate "2019.06.21"]
[SourceQuality "1"]

1. e4 c5 2. c3 Nf6 3. e5 Nd5 4. Nf3 Nc6 5. Bc4 Nb6 6. Bb3 d5 7. exd6 Qxd6 8.
Na3 a6 9. O-O e6 10. Qe2 Be7 11. Rd1 Bf6 12. d3 O-O 13. Nd2 Nd5 14. Ne4 Qe7 15.
Nc4 b6 16. a4 Rd8 17. Bc2 Bb7 18. Re1 Rac8 19. Be3 Ne5 20. Ncd2 Nxe3 21. Qxe3
Ng6 22. Nc4 Bxe4 23. Qxe4 b5 24. axb5 axb5 25. Na3 b4 26. Nb5 Qd7 27. Ra5 Qd5
28. Qxd5 Rxd5 29. Kf1 1/2-1/2

[Event "19. Obert Int. Sant Marti 2017 - B"]
[Site "Barcelona ESP"]
[Date "2017.07.20"]
[Round "8.6"]
[White "Bernat, Ernest"]
[Black "Gil Gil, Antoni"]
[Result "1-0"]
[WhiteElo "1889"]
[BlackElo "1823"]
[PlyCount "86"]
[EventDate "2017.07.13"]
[EventType "swiss"]
[EventRounds "9"]
[EventCountry "ESP"]
[SourceTitle "Ajedrez en Madrid"]
[Source "lmi"]
[SourceDate "2017.07.13"]
[SourceVersion "1"]
[SourceVersionDate "2019.06.21"]
[SourceQuality "1"]

1. e4 e6 2. d4 d5 3. exd5 exd5 4. Bd3 Nc6 5. c3 Bd6 6. Ne2 Bg4 7. f3 Bh5 8. Bf4
Bxf4 9. Nxf4 Bg6 10. Na3 Qf6 11. Nxd5 Qe6+ 12. Qe2 Bxd3 13. Nxc7+ Kd7 14. Nxe6
Bxe2 15. Nc5+ Kc7 16. Kxe2 Re8+ 17. Kf2 Nf6 18. Nb5+ Kb6 19. Nd6 Re7 20. Nf5
Rc7 21. Nxg7 Ne7 22. Ne4 Nfd5 23. Nh5 Rc6 24. Nhg3 Kc7 25. Rad1 f5 26. Nc5 f4
27. Ne2 Ne3 28. Rd3 N3d5 29. g3 fxg3+ 30. hxg3 h5 31. c4 Nb4 32. Rb3 b6 33.
Rxb4 bxc5 34. dxc5 Rxc5 35. Nf4 Kc6 36. Re1 Nf5 37. Re6+ Nd6 38. Ra4 a5 39. Nd3
h4 40. gxh4 Rxc4 41. Rxc4+ Kd5 42. Rce4 Nxe4+ 43. Rxe4 Rc8 1-0

[Event "19. Obert Int. Sant Marti 2017 - B"]
[Site "Barcelona ESP"]
[Date "2017.07.20"]
[Round "8.7"]
[White "Chandrasekhar, M K."]
[Black "Viera Falcon, Cristo"]
[Result "0-1"]
[WhiteElo "1794"]
[BlackElo "1889"]
[PlyCount "116"]
[EventDate "2017.07.13"]
[EventType "swiss"]
[EventRounds "9"]
[EventCountry "ESP"]
[SourceTitle "Ajedrez en Madrid"]
[Source "lmi"]
[SourceDate "2017.07.13"]
[SourceVersion "1"]
[SourceVersionDate "2019.06.21"]
[SourceQuality "1"]

1. d4 b6 2. Nf3 Bb7 3. c4 Nf6 4. Nc3 g6 5. Qc2 d6 6. e4 Nbd7 7. Be2 Bg7 8. O-O
O-O 9. e5 Ne8 10. e6 fxe6 11. Ng5 Rf6 12. Bg4 e5 13. Ne6 Qc8 14. d5 Nf8 15. Ne4
Rxe6 16. dxe6 Bxe4 17. Qxe4 Nf6 18. Qf3 Nxg4 19. Qxg4 Qxe6 20. Qe4 Rb8 21. Be3
Qd7 22. b4 Ne6 23. b5 Nd4 24. a4 Qf5 25. Qxf5 gxf5 26. Bxd4 exd4 27. a5 e5 28.
axb6 axb6 29. Ra7 Rc8 30. Rfa1 Kf7 31. Ra8 Rxa8 32. Rxa8 d3 33. Kf1 Ke6 34. Ra7
Kd7 35. Ra8 e4 36. Rg8 Be5 37. Rf8 f4 38. Ra8 e3 39. Ra3 d2 40. Rd3 c5 41. Ke2
Bd4 42. fxe3 fxe3 43. Ra3 d5 44. Ra7+ Kd6 45. Rb7 dxc4 46. Rxb6+ Kd5 47. Ra6
Bb2 48. b6 Kc6 49. b7+ Kxb7 50. Re6 Bd4 51. g4 c3 52. Kd1 Kc7 53. h4 Kd7 54.
Re4 Kd6 55. g5 Kd5 56. Re8 Be5 57. h5 Ke4 58. g6 Kd3 0-1

[Event "19. Obert Int. Sant Marti 2017 - B"]
[Site "Barcelona ESP"]
[Date "2017.07.20"]
[Round "8.8"]
[White "Garcia Quevedo, Jose"]
[Black "Sarrate Presas, Jordi"]
[Result "0-1"]
[WhiteElo "1882"]
[BlackElo "1770"]
[PlyCount "58"]
[EventDate "2017.07.13"]
[EventType "swiss"]
[EventRounds "9"]
[EventCountry "ESP"]
[SourceTitle "Ajedrez en Madrid"]
[Source "lmi"]
[SourceDate "2017.07.13"]
[SourceVersion "1"]
[SourceVersionDate "2019.06.21"]
[SourceQuality "1"]

1. d4 d5 2. c4 e6 3. Nc3 Nf6 4. cxd5 exd5 5. Bg5 Be7 6. e3 c6 7. Bd3 Be6 8. Qc2
Nbd7 9. Nge2 h6 10. Bh4 Nh5 11. Bxe7 Qxe7 12. O-O O-O 13. Rad1 Nb6 14. Rfe1
Rfe8 15. Qd2 Nc4 16. Bxc4 dxc4 17. e4 Rad8 18. d5 cxd5 19. exd5 Qc5 20. Nf4
Nxf4 21. Qxf4 Bc8 22. Rxe8+ Rxe8 23. h3 Rd8 24. d6 Be6 25. Rd2 Qc6 26. Qe5 a6
27. f4 Re8 28. Qd4 Bd7 29. Ne4 Rxe4 0-1

[Event "19. Obert Int. Sant Marti 2017 - B"]
[Site "Barcelona ESP"]
[Date "2017.07.20"]
[Round "8.9"]
[White "Hinarejos Montano, Andres"]
[Black "Varela Cuadrado, Cesar"]
[Result "0-1"]
[WhiteElo "1607"]
[BlackElo "1770"]
[PlyCount "106"]
[EventDate "2017.07.13"]
[EventType "swiss"]
[EventRounds "9"]
[EventCountry "ESP"]
[SourceTitle "Ajedrez en Madrid"]
[Source "lmi"]
[SourceDate "2017.07.13"]
[SourceVersion "1"]
[SourceVersionDate "2019.06.21"]
[SourceQuality "1"]

1. d4 Nf6 2. Nf3 g6 3. e3 Bg7 4. c4 c5 5. d5 d6 6. Be2 O-O 7. O-O e6 8. Nc3
exd5 9. cxd5 a6 10. e4 Nbd7 11. Qc2 Re8 12. Re1 b5 13. Bf1 Ng4 14. h3 Nge5 15.
Nxe5 Nxe5 16. Bf4 Qf6 17. Qd2 Qe7 18. Qe3 Bd7 19. Rab1 b4 20. Bxe5 Bxe5 21. Ne2
f5 22. b3 Qf6 23. Qf3 f4 24. Nc1 Bc3 25. Rd1 Re7 26. Bd3 a5 27. Ne2 Be5 28. Kf1
g5 29. Ng1 Rg7 30. g4 h5 31. Qg2 hxg4 32. hxg4 Rh7 33. Nf3 Bc3 34. Ke2 Kg7 35.
Rh1 Rah8 36. e5 dxe5 37. Rxh7+ Rxh7 38. Bxh7 Kxh7 39. Kf1 Bb5+ 40. Kg1 Kg7 41.
Ne1 Qg6 42. Rd1 Be2 43. Rc1 Bd2 44. Ra1 e4 45. Qh2 Bxg4 46. f3 Be3+ 47. Kg2
exf3+ 48. Nxf3 Qe4 49. Rf1 Qxd5 50. Qh1 Bxf3+ 51. Rxf3 g4 52. Qa1+ Bd4 53. Qf1
Qxf3+ 0-1

[Event "19. Obert Int. Sant Marti 2017 - B"]
[Site "Barcelona ESP"]
[Date "2017.07.20"]
[Round "8.10"]
[White "Colom Andres, Xavier"]
[Black "Zheng, Hong Wei"]
[Result "0-1"]
[WhiteElo "1874"]
[BlackElo "1572"]
[PlyCount "66"]
[EventDate "2017.07.13"]
[EventType "swiss"]
[EventRounds "9"]
[EventCountry "ESP"]
[SourceTitle "Ajedrez en Madrid"]
[Source "lmi"]
[SourceDate "2017.07.13"]
[SourceVersion "1"]
[SourceVersionDate "2019.06.21"]
[SourceQuality "1"]

1. d4 d6 2. c4 e5 3. e3 Nc6 4. Nc3 Nf6 5. Be2 Be7 6. h3 Bf5 7. a3 a5 8. Nf3 h6
9. O-O O-O 10. b3 Re8 11. Re1 Bf8 12. Bb2 Qd7 13. dxe5 Nxe5 14. Nxe5 dxe5 15.
Qxd7 Bxd7 16. Red1 Bd6 17. Nb5 Bxb5 18. cxb5 b6 19. Bc4 Rad8 20. a4 Kf8 21. Kf1
Rd7 22. Ke2 Red8 23. Rac1 Ke7 24. Bd3 g6 25. Bc4 Nh7 26. Bd5 Bb4 27. Bc4 Rd2+
28. Rxd2 Rxd2+ 29. Kf3 Rxb2 30. Bxf7 Kxf7 31. Rxc7+ Be7 32. Rb7 Rxb3 33. Rxb6
Rb4 0-1

[Event "19. Obert Int. Sant Marti 2017 - B"]
[Site "Barcelona ESP"]
[Date "2017.07.20"]
[Round "8.11"]
[White "Husson, Cybele"]
[Black "Del Valle, Clemence"]
[Result "0-1"]
[WhiteElo "1870"]
[BlackElo "1759"]
[PlyCount "110"]
[EventDate "2017.07.13"]
[EventType "swiss"]
[EventRounds "9"]
[EventCountry "ESP"]
[SourceTitle "Ajedrez en Madrid"]
[Source "lmi"]
[SourceDate "2017.07.13"]
[SourceVersion "1"]
[SourceVersionDate "2019.06.21"]
[SourceQuality "1"]

1. e4 d6 2. d4 Nd7 3. Nc3 e5 4. Nf3 c6 5. h3 Be7 6. Bc4 Ngf6 7. a3 Qc7 8. Ba2
b5 9. O-O O-O 10. Bg5 Bb7 11. Qe2 a6 12. b4 Rac8 13. Bh4 h6 14. Bg3 Rfe8 15.
dxe5 dxe5 16. Rad1 a5 17. bxa5 Qxa5 18. Nb1 Bxa3 19. Nh4 Bf8 20. c3 Nc5 21. Ng6
Ncxe4 22. Bxe5 Qb6 23. Qc2 c5 24. Nxf8 Rxf8 25. Nd2 Rcd8 26. Kh2 Nxd2 27. Rxd2
Qc6 28. f3 Rxd2 29. Qxd2 c4 30. Bb1 Qd5 31. Qf4 Nh5 32. Qe4 Qxe4 33. fxe4 Re8
34. Bd4 Bxe4 35. Re1 Bc6 36. Rf1 Re2 37. Bf2 Nf4 38. Rd1 f6 39. Kg3 Nh5+ 40.
Kg4 Rxf2 41. Rd8+ Kf7 42. Kxh5 Rxg2 43. Kh4 g5+ 44. Kh5 Rg3 45. Bf5 Rxc3 46.
Rh8 Bf3+ 47. Kxh6 Ke7 48. Kg6 Bg2 49. Rh7+ Kd6 50. Kxf6 Rg3 51. Bg4 c3 52. Bf5
b4 53. Rh8 b3 54. Rb8 b2 55. Rb3 Bxh3 0-1